[Event "European Rapid 2017"]
[Site "Katowice POL"]
[Date "2017.12.17"]
[Round "11.11"]
[White "Fressinet, Laurent"]
[Black "Valsecchi, Alessio"]
[Result "1-0"]
[WhiteTitle "GM"]
[BlackTitle "IM"]
[WhiteElo "2662"]
[BlackElo "2501"]
[WhiteFideId "608742"]
[BlackFideId "818860"]
[EventDate "2017.12.16"]

1. e4 e5 2. Nf3 Nc6 3. Bc4 Bc5 4. O-O Nf6 5. d3 d6 6. c3 a6 7. a4 Ba7 8. Re1 h6
9. Nbd2 Ne7 10. d4 Ng6 11. h3 O-O 12. Bb3 Re8 13. Bc2 Nh5 14. Nf1 Nhf4 15. Ng3
Qf6 16. Be3 h5 17. Nf5 h4 18. Nh2 d5 19. dxe5 Qg5 20. Qg4 Qxg4 21. Nxg4 dxe4 22.
Bxe4 Bxe3 23. Rxe3 Nxe5 24. Nxe5 Rxe5 25. Nxh4 Rg5 26. Kh2 Be6 27. Rd1 c6 28.
Rd4 c5 29. Rd2 Rb8 30. Rf3 Nd5 31. Rfd3 c4 32. Rd4 Rd8 33. f4 Rh5 34. Nf3 g6 35.
Ng5 1-0

[Event "European Rapid 2017"]
[Site "Katowice POL"]
[Date "2017.12.17"]
[Round "11.12"]
[White "Pultinevicius, Paulius"]
[Black "Demidov, Mikhail"]
[Result "0-1"]
[WhiteTitle "IM"]
[BlackTitle "IM"]
[WhiteElo "2371"]
[BlackElo "2523"]
[WhiteFideId "12809390"]
[BlackFideId "4197143"]
[EventDate "2017.12.16"]

1. Nf3 d5 2. d4 Nf6 3. c4 c6 4. Nc3 dxc4 5. a4 Bf5 6. Ne5 Na6 7. f3 Nd7 8. Nxc4
e5 9. e4 exd4 10. exf5 dxc3 11. Qe2+ Be7 12. Nd6+ Kf8 13. Ne4 Qa5 14. bxc3 Qxf5
15. Be3 Re8 16. g3 Qe6 17. Rd1 Ndc5 18. Bg2 f5 19. Nxc5 Bxc5 20. Bxc5+ Nxc5 21.
Qxe6 Rxe6+ 22. Kf2 Ke7 23. Rd4 Rd8 24. Rxd8 Kxd8 25. Rd1+ Ke7 26. Bh3 g6 27. a5
Rd6 28. Re1+ Kd7 29. Re2 Rd5 30. f4 Rd3 31. Kg2 h5 32. Re5 Rxc3 0-1

[Event "European Rapid 2017"]
[Site "Katowice POL"]
[Date "2017.12.17"]
[Round "11.13"]
[White "Saric, Ante"]
[Black "Gazik, Viktor"]
[Result "0-1"]
[WhiteTitle "GM"]
[BlackTitle "IM"]
[WhiteElo "2540"]
[BlackElo "2479"]
[WhiteFideId "14506254"]
[BlackFideId "14928752"]
[EventDate "2017.12.16"]

1. Nf3 Nf6 2. g3 g6 3. b3 Bg7 4. Bb2 O-O 5. Bg2 c5 6. c4 Nc6 7. O-O d6 8. d4
cxd4 9. Nxd4 Bd7 10. Nc3 Rc8 11. e3 a6 12. Qe2 Qa5 13. Rfd1 Bg4 14. f3 Bd7 15.
Rac1 Rfe8 16. a3 Qb6 17. b4 Ne5 18. Nd5 Nxd5 19. cxd5 Ba4 20. Re1 Bb5 21. Nxb5
axb5 22. Kh1 Nd3 23. Qxd3 Bxb2 24. Rc2 Rxc2 25. Qxc2 Bf6 26. Bf1 Ra8 27. Qd3 Qa6
28. Kg2 Qxa3 29. Qxb5 Ra4 30. Qxb7 Rxb4 31. Qc8+ Kg7 32. Re2 Rb3 33. Kf2 Rxe3
34. Qg4 Rd3 35. Qe4 Rd4 36. Qe3 Qxe3+ 37. Kxe3 Rxd5 38. f4 Ra5 39. Bg2 Ra3+ 40.
Kd2 Ra2+ 41. Kd3 Rxe2 42. Kxe2 e6 43. Bc6 d5 44. Bb5 Kf8 45. Kf3 Ke7 46. Ba4 Bb2
47. Bb5 Kd6 48. g4 f6 49. g5 fxg5 50. fxg5 e5 51. h4 e4+ 52. Kg4 Ke5 53. Ba4 d4
54. Bb3 d3 55. Bg8 Kd4 56. Kg3 e3 57. h5 e2 0-1

[Event "European Rapid 2017"]
[Site "Katowice POL"]
[Date "2017.12.17"]
[Round "11.14"]
[White "Meissner, Felix"]
[Black "Krasenkow, Michal"]
[Result "0-1"]
[WhiteTitle "FM"]
[BlackTitle "GM"]
[WhiteElo "2333"]
[BlackElo "2671"]
[WhiteFideId "24671827"]
[BlackFideId "1113100"]
[EventDate "2017.12.16"]

1. e4 c5 2. Nf3 Nc6 3. Bb5 e6 4. O-O Nge7 5. Re1 Nd4 6. Bf1 Nxf3+ 7. Qxf3 Nc6 8.
Qg3 d6 9. c3 h5 10. h3 h4 11. Qe3 g6 12. Na3 Bh6 13. Qe2 e5 14. Nc2 Qf6 15. Ne3
Kf8 16. Nd5 Qd8 17. Qf3 Kg7 18. Bc4 f5 19. exf5 Bxf5 20. Ne3 Qd7 21. Nxf5+ gxf5
22. d3 Raf8 23. Bb5 Rf6 24. a4 a6 25. Bxc6 Qxc6 26. Qxc6 bxc6 27. Bxh6+ Rfxh6
28. b4 cxb4 29. cxb4 Rb8 30. Rab1 Kf7 31. Rec1 d5 32. Rc5 Rd6 33. f3 Ke6 34. Kf2
Rb6 35. Rc2 d4 36. g3 hxg3+ 37. Kxg3 Rb8 38. Rc5 f4+ 39. Kf2 Rh8 40. Re1 Rh5 41.
Re4 Rf5 42. Ra5 c5 43. Rxc5 Rb6 44. Rc4 Kd6 45. Re1 Rh5 46. Rg1 Ke7 47. Rg7+ Kf6
48. Rgc7 Kg5 49. R7c6 Rh6 50. Rxb6 Rxb6 51. Kg2 Kh4 52. a5 Rg6+ 53. Kf2 Kxh3 54.
Rc5 Rg2+ 55. Ke1 Rb2 56. b5 axb5 57. a6 Kg3 58. a7 Ra2 59. Rxb5 Rxa7 60. Rxe5
Kxf3 61. Re4 Ra1+ 62. Kd2 Kg3 63. Rxd4 f3 64. Rd8 f2 65. Rg8+ Kh4 0-1

[Event "European Rapid 2017"]
[Site "Katowice POL"]
[Date "2017.12.17"]
[Round "11.15"]
[White "Goluch, Piotr"]
[Black "Stupak, Kirill"]
[Result "1/2-1/2"]
[WhiteTitle "FM"]
[BlackTitle "GM"]
[WhiteElo "2308"]
[BlackElo "2588"]
[WhiteFideId "1137840"]
[BlackFideId "13503758"]
[EventDate "2017.12.16"]

1. d4 Nf6 2. Nf3 e6 3. c4 c5 4. d5 exd5 5. cxd5 Bd6 6. Nc3 Bc7 7. d6 Ba5 8. e4
Nxe4 9. Qe2 f5 10. Bg5 Qb6 11. O-O-O Bxc3 12. bxc3 Qa5 13. Qc4 b5 14. Qd5 Qxc3+
15. Kb1 Qb4+ 16. Ka1 Qc3+ 17. Kb1 Nc6 18. Bd3 Qb4+ 19. Ka1 Qc3+ 20. Kb1 Qb4+ 21.
Ka1 Qc3+ 22. Kb1 Qb4+ 23. Ka1 Qc3+ 24. Kb1 Qb4+ 25. Ka1 Qc3+ 26. Kb1 Qb4+ 27.
Ka1 1/2-1/2

[Event "European Rapid 2017"]
[Site "Katowice POL"]
[Date "2017.12.17"]
[Round "11.16"]
[White "Tomczak, Jacek"]
[Black "Dobrowolski, Piotr"]
[Result "1-0"]
[WhiteTitle "GM"]
[BlackTitle "IM"]
[WhiteElo "2588"]
[BlackElo "2421"]
[WhiteFideId "1124668"]
[BlackFideId "1106236"]
[EventDate "2017.12.16"]

1. e4 c5 2. Nf3 d6 3. d4 cxd4 4. Nxd4 Nf6 5. Nc3 Nc6 6. f3 e5 7. Nb3 Be7 8. Be3
O-O 9. Qd2 a5 10. Bb5 Be6 11. O-O-O Na7 12. Bxa7 Rxa7 13. Kb1 a4 14. Nxa4 d5 15.
exd5 Nxd5 16. c4 Bf5+ 17. Ka1 Nb4 18. Qxd8 Nc2+ 19. Kb1 Bxd8 20. Nc3 Ne3+ 21.
Ne4 Nxd1 22. Rxd1 Be7 23. Rd5 f6 24. Bd7 Bg6 25. Be6+ Kh8 26. Rd7 f5 27. Nc3 Bg5
28. Nc5 Be3 29. Nxb7 e4 30. Bd5 Bd2 31. Kc2 e3 32. Ne2 f4+ 33. Be4 Bxe4+ 34.
fxe4 Rb8 35. Nc5 Rxa2 36. Nd3 g5 37. e5 Ra6 38. Nd4 Rc8 39. c5 Ra4 40. Ne6 Ba5
41. Kd1 Rc4 42. Nxg5 Kg8 43. Ne6 Re8 44. Nexf4 Rxe5 45. Nxe5 Rxf4 46. Nd3 Rg4
47. g3 h5 48. Ke2 h4 49. gxh4 Rxh4 50. Kxe3 Rxh2 51. b4 Rh3+ 52. Kd4 1-0

[Event "European Rapid 2017"]
[Site "Katowice POL"]
[Date "2017.12.17"]
[Round "11.17"]
[White "Inarkiev, Ernesto"]
[Black "Mohr, Georg"]
[Result "1-0"]
[WhiteTitle "GM"]
[BlackTitle "GM"]
[WhiteElo "2689"]
[BlackElo "2473"]
[WhiteFideId "4162722"]
[BlackFideId "14600013"]
[EventDate "2017.12.16"]

1. e4 e6 2. d4 d5 3. Nc3 Nf6 4. e5 Nfd7 5. f4 c5 6. Nf3 a6 7. Be3 Qb6 8. a3 Nc6
9. dxc5 Bxc5 10. Na4 Qa5+ 11. b4 Qxa4 12. bxc5 Qa5+ 13. Qd2 Qxd2+ 14. Kxd2 f6
15. exf6 Nxf6 16. Bd3 O-O 17. Rab1 Ng4 18. Rhe1 e5 19. fxe5 Ngxe5 20. Nxe5 Nxe5
21. h3 Rb8 22. Bg1 Nxd3 23. cxd3 Bd7 24. Bh2 Rbd8 25. Rxb7 Rf2+ 26. Re2 Rxe2+
27. Kxe2 d4 28. Rc7 Re8+ 29. Kd2 Bb5 30. c6 Re3 31. Rc8+ Kf7 32. c7 Rxd3+ 33.
Ke1 Re3+ 34. Kf2 Re2+ 35. Kf3 Re3+ 36. Kf4 Rc3 37. Ke4 d3 38. Rd8 Ke7 39. Bd6+
Ke6 40. Bf4 Bd7 41. Ke3 g5 42. Bh2 Rc2 43. Kxd3 Rxg2 44. Be5 Ra2 45. Bc3 Rxa3
46. c8=Q Bxc8 47. Rxc8 Ra4 48. Rc6+ Kf5 49. Rf6# 1-0

[Event "European Rapid 2017"]
[Site "Katowice POL"]
[Date "2017.12.17"]
[Round "11.18"]
[White "Ladva, Ottomar"]
[Black "Navara, David"]
[Result "0-1"]
[WhiteTitle "GM"]
[BlackTitle "GM"]
[WhiteElo "2522"]
[BlackElo "2740"]
[WhiteFideId "4500024"]
[BlackFideId "309095"]
[EventDate "2017.12.16"]

1. Nf3 d5 2. g3 c6 3. c4 dxc4 4. Bg2 Nd7 5. O-O e5 6. Qc2 Ngf6 7. Qxc4 Bd6 8. d3
O-O 9. Nc3 h6 10. a3 a5 11. Be3 Nb6 12. Bxb6 Qxb6 13. Na4 Qc7 14. Rac1 Be6 15.
Qc2 Rfe8 16. Nd2 Bd5 17. Bxd5 Nxd5 18. Nc3 Nxc3 19. Qxc3 a4 20. Ne4 Bf8 21. Kg2
Ra5 22. g4 Rb5 23. Rc2 Qd7 24. h3 Rb3 25. Qd2 Ra8 26. Qxh6 gxh6 27. Nf6+ Kg7 28.
Nxd7 Bd6 29. Rfc1 Ra5 30. Nc5 Bxc5 31. Rxc5 Rxc5 32. Rxc5 Rxb2 33. Rc4 Rxe2 34.
Rxa4 Rd2 35. Rb4 Rxd3 36. Rxb7 Rxa3 37. h4 Kg6 38. Rd7 Rc3 39. Rd6+ f6 40. Rd8
Rc4 41. Kg3 h5 42. gxh5+ Kxh5 43. Rh8+ Kg6 44. h5+ Kg5 45. h6 Rg4+ 46. Kf3 Rh4
47. Rc8 f5 48. Rxc6 Rxh6 49. Rc8 e4+ 50. Kg3 f4+ 51. Kg2 Kf5 52. Rf8+ Rf6 53.
Ra8 f3+ 54. Kf1 Rb6 55. Rf8+ Kg5 56. Rg8+ Kf5 57. Rf8+ Kg5 58. Rg8+ Kh6 59. Ke1
Kh5 60. Kd2 Rb3 61. Re8 Kg4 62. Rg8+ Kh3 63. Rg3+ Kh2 64. Rg4 Ra3 65. Ke1 Ra2
66. Rh4+ Kg2 67. Rg4+ Kh3 68. Rg3+ Kh2 69. Rg4 Ra4 70. Rh4+ Kg2 71. Rg4+ Kh3 72.
Rg3+ Kh2 73. Rg8 Ra1+ 74. Kd2 Rg1 75. Rh8+ Kg2 76. Ke3 Re1+ 77. Kf4 Kxf2 78.
Rh2+ Kg1 79. Kg3 Re2 0-1

[Event "European Rapid 2017"]
[Site "Katowice POL"]
[Date "2017.12.17"]
[Round "11.20"]
[White "Kovalenko, Igor"]
[Black "Castellanos Rodriguez, Renier"]
[Result "1-0"]
[WhiteTitle "GM"]
[BlackTitle "IM"]
[WhiteElo "2639"]
[BlackElo "2501"]
[WhiteFideId "14117908"]
[BlackFideId "3404650"]
[EventDate "2017.12.16"]

1. e4 c5 2. Nf3 e6 3. d4 cxd4 4. Nxd4 a6 5. c4 Nf6 6. Nc3 Qc7 7. Be2 Bb4 8. Qd3
O-O 9. Nc2 Be7 10. O-O d6 11. f4 b6 12. Be3 Bb7 13. b4 Rc8 14. Rac1 Nbd7 15. Nd4
g6 16. Nb3 Bf8 17. g4 Bg7 18. g5 Ne8 19. h4 Rab8 20. a3 b5 21. cxb5 Qxc3 22.
Rxc3 Rxc3 23. bxa6 Rxd3 24. Bxd3 Ba8 25. Rb1 Rc8 26. Kf2 e5 27. f5 d5 28. Bb5
Rc2+ 29. Ke1 d4 30. Bxd7 dxe3 31. Bxe8 Bxe4 32. Rc1 Rh2 33. Bc6 Bd3 34. a7 Re2+
35. Kd1 Rf2 36. a8=Q+ Bf8 37. Bg2 e4 38. f6 1-0

[Event "European Rapid 2017"]
[Site "Katowice POL"]
[Date "2017.12.17"]
[Round "11.21"]
[White "Zwardon, Vojtech"]
[Black "Bartel, Mateusz"]
[Result "1-0"]
[WhiteTitle "IM"]
[BlackTitle "GM"]
[WhiteElo "2408"]
[BlackElo "2609"]
[WhiteFideId "325511"]
[BlackFideId "1112635"]
[EventDate "2017.12.16"]

1. c4 e5 2. g3 Nc6 3. Bg2 d6 4. Nc3 Be6 5. b4 Qd7 6. b5 Nd8 7. d3 g6 8. Bg5 f6
9. Bd2 Bg7 10. h4 h5 11. Nf3 Ne7 12. a4 a5 13. Qb3 O-O 14. O-O Nf7 15. Rfe1 Kh8
16. d4 Nh6 17. dxe5 dxe5 18. Rad1 Qe8 19. Nd5 Qf7 20. Nxc7 Bxc4 21. Qa3 Rac8 22.
Bxa5 Nef5 23. Nd2 Nd4 24. Nxc4 Qxc4 25. Bd5 Qc2 26. e3 Ne2+ 27. Kg2 Nxg3 28. Rd2
Qf5 29. fxg3 e4 30. Rf1 Qe5 31. Ne6 Nf5 32. Rf4 Rfe8 33. Nxg7 Kxg7 34. Bxb7 Rc4
35. Bd5 Rxa4 36. Qxa4 Nxe3+ 37. Kh2 Nxd5 38. Rxe4 1-0

[Event "European Rapid 2017"]
[Site "Katowice POL"]
[Date "2017.12.17"]
[Round "11.22"]
[White "Zelcic, Robert"]
[Black "Rodshtein, Maxim"]
[Result "0-1"]
[WhiteTitle "GM"]
[BlackTitle "GM"]
[WhiteElo "2501"]
[BlackElo "2699"]
[WhiteFideId "14500310"]
[BlackFideId "2806851"]
[EventDate "2017.12.16"]

1. e4 c5 2. Nf3 d6 3. d4 cxd4 4. Qxd4 a6 5. Be3 Nc6 6. Qd2 Nf6 7. Nc3 e6 8.
O-O-O Qc7 9. Bf4 Ng4 10. Kb1 Bd7 11. h3 Nge5 12. Nd4 Rc8 13. Nxc6 Bxc6 14. Bg3
Be7 15. f4 Nd7 16. f5 e5 17. Bc4 Nf6 18. Qe2 Bxe4 19. Bxf7+ Kxf7 20. Nxe4 Nxe4
21. Qxe4 Qc4 22. Qf3 Qxc2+ 23. Ka1 Rhd8 24. Qxb7 Qc6 25. Qb3+ Qc4 26. Qe3 Bf6
27. Rc1 Qb5 28. Rxc8 Rxc8 29. Rc1 Qb6 30. Qd2 Qd4 31. Be1 Qxd2 32. Bxd2 Rxc1+
33. Bxc1 e4 34. Kb1 d5 35. b4 Be7 36. a3 Kf6 37. g4 Ke5 38. Kc2 d4 39. Kb3 e3
40. a4 Ke4 0-1

[Event "European Rapid 2017"]
[Site "Katowice POL"]
[Date "2017.12.17"]
[Round "11.23"]
[White "Djuric, Stefan"]
[Black "Buhmann, Rainer"]
[Result "0-1"]
[WhiteTitle "GM"]
[BlackTitle "GM"]
[WhiteElo "2383"]
[BlackElo "2584"]
[WhiteFideId "900133"]
[BlackFideId "4651340"]
[EventDate "2017.12.16"]

1. e4 e6 2. d4 d5 3. Nc3 Bb4 4. Bd3 dxe4 5. Bxe4 Nf6 6. Bd3 b6 7. Nf3 Bb7 8. O-O
Nbd7 9. Bg5 h6 10. Bf4 O-O 11. Qe2 c5 12. a3 Bxc3 13. bxc3 Nd5 14. Bd2 Qc7 15.
Ne5 Nxe5 16. dxe5 c4 17. Bxc4 Nxc3 18. Bxc3 Rfc8 19. Bd4 Qxc4 20. Qxc4 Rxc4 21.
c3 Ra4 22. Rfb1 Rc8 23. Rb4 Ra5 24. f3 Kf8 25. Kf2 Ke7 26. Ke3 f6 27. f4 f5 28.
h4 Kf7 29. Kf2 Kg6 30. Kg3 Kh5 31. a4 Bc6 32. Rc4 Bd7 33. Rb4 Rc7 34. c4 Bc6 35.
Ra3 Rd7 36. Bf2 Rd1 37. Kh2 Rd2 38. Kg1 Rd1+ 39. Kh2 Rf1 40. Ra2 Kg4 41. Bg3 Be8
42. Rd2 Rxa4 43. Rxa4 Bxa4 44. Rd6 g5 45. hxg5 hxg5 46. fxg5 f4 47. Bxf4 Rxf4
48. g6 Kf5 49. g7 Rg4 50. Rd7 Bxd7 0-1

[Event "European Rapid 2017"]
[Site "Katowice POL"]
[Date "2017.12.17"]
[Round "11.24"]
[White "Aleksandrov, Aleksej"]
[Black "Rausis, Igors"]
[Result "1-0"]
[WhiteTitle "GM"]
[BlackTitle "GM"]
[WhiteElo "2589"]
[BlackElo "2632"]
[WhiteFideId "13500139"]
[BlackFideId "11600098"]
[EventDate "2017.12.16"]

1. d4 d5 2. c4 dxc4 3. Nf3 Nf6 4. e3 e6 5. Bxc4 c5 6. O-O Nc6 7. a3 cxd4 8. exd4
Be7 9. Nc3 O-O 10. Re1 a6 11. Bf4 b5 12. Ba2 b4 13. d5 bxc3 14. dxc6 cxb2 15.
Rb1 Qb6 16. Qc2 Bxa3 17. Be5 Qc5 18. Qxc5 Bxc5 19. Bxb2 a5 20. Rec1 Bb4 21. Bc3
Ba3 22. Rd1 Ba6 23. Nd4 a4 24. Bb4 Bxb4 25. Rxb4 Rfd8 26. Rxa4 g6 27. c7 Rdc8
28. Nxe6 fxe6 29. Bxe6+ Kg7 30. Bxc8 Rxc8 31. Rxa6 Rxc7 32. h3 Ne4 33. Re1 Nf6
34. Rea1 Rc2 35. R6a2 Rc5 36. Ra7+ Kh6 37. Rf7 Rc6 38. f4 1-0

[Event "European Rapid 2017"]
[Site "Katowice POL"]
[Date "2017.12.17"]
[Round "11.25"]
[White "Fedorov, Alexei"]
[Black "Shkapenko, Pavel"]
[Result "1-0"]
[WhiteTitle "GM"]
[BlackTitle "IM"]
[WhiteElo "2573"]
[BlackElo "2431"]
[WhiteFideId "13500465"]
[BlackFideId "4151933"]
[EventDate "2017.12.16"]

1. e4 c5 2. d3 Nf6 3. f4 d5 4. e5 Ng8 5. Nf3 Nc6 6. Be2 Bg4 7. c3 e6 8. O-O Nh6
9. Be3 Nf5 10. Bf2 Be7 11. Nbd2 h5 12. d4 Qb6 13. Rb1 cxd4 14. cxd4 O-O-O 15. b4
Kb8 16. a3 Rdg8 17. Nb3 g5 18. Nc5 Qd8 19. b5 Na5 20. b6 Bxc5 21. dxc5 a6 22.
Nxg5 Bxe2 23. Qxe2 Rxg5 24. fxg5 Qxg5 25. Bg3 Nc6 26. Bf4 Qg6 27. Qd3 Rg8 28.
Rb2 Qg4 29. Rbf2 Ka8 30. h3 Qg7 31. Re1 Qf8 32. Qc3 Qg7 33. Kh2 Qg6 34. g3 Nfd4
35. Rg1 Qh7 36. Qe3 Kb8 37. Rfg2 Nc2 38. Qf2 N2d4 39. Re1 Ka8 40. Re3 Nf5 41.
Qc2 Qg7 42. Re1 Qh8 43. Qd3 Qh7 44. Reg1 Qh8 45. Re2 Rg6 46. Rgg2 Rg8 47. Re1
Rg6 48. Qd1 Rg8 49. g4 Nh4 50. Rg3 Ng6 51. Qd2 h4 52. Rg2 Ngxe5 53. Bxe5 Nxe5
54. Rf2 Qg7 55. Qe2 Nc6 56. Qf3 f5 57. gxf5 Qg3+ 58. Kh1 Nd4 59. Qxg3 hxg3 60.
Rf4 g2+ 61. Kg1 Nxf5 62. Rxe6 Ng3 63. Rg4 1-0

[Event "European Rapid 2017"]
[Site "Katowice POL"]
[Date "2017.12.17"]
[Round "11.26"]
[White "Gajewski, Grzegorz"]
[Black "Licznerski, Lukasz"]
[Result "1-0"]
[WhiteTitle "GM"]
[BlackTitle "FM"]
[WhiteElo "2601"]
[BlackElo "2267"]
[WhiteFideId "1116207"]
[BlackFideId "1179250"]
[EventDate "2017.12.16"]

1. c4 e5 2. g3 Nf6 3. Bg2 d5 4. cxd5 Nxd5 5. Nc3 Nb6 6. d3 Be7 7. Be3 O-O 8. Rc1
Re8 9. Qc2 a5 10. a3 Bf8 11. Ne4 Nc6 12. Nc5 Rb8 13. Nxb7 Bxb7 14. Bxc6 Bxc6 15.
Qxc6 Nd5 16. Qc2 Nxe3 17. fxe3 Qd5 18. e4 Qa2 19. b4 Qxa3 20. bxa5 Qxa5+ 21. Kf2
Rb7 22. Nf3 Reb8 23. Qc4 Qa7+ 24. Kg2 Qe3 25. Rc2 Bd6 26. Rf1 h5 27. Nh4 Rf8 28.
Ng6 Rbb8 29. Nxf8 Rxf8 30. Rf3 Qg5 31. Rf5 Qh6 32. Rc1 g6 33. Rf6 h4 34. Rcf1
h3+ 35. Kh1 Qg7 36. R6f3 Qh7 37. Qd5 Qg7 38. Qc4 Qh7 39. g4 1-0

[Event "European Rapid 2017"]
[Site "Katowice POL"]
[Date "2017.12.17"]
[Round "11.27"]
[White "Pulpan, Jakub"]
[Black "Tari, Aryan"]
[Result "1/2-1/2"]
[WhiteTitle "IM"]
[BlackTitle "GM"]
[WhiteElo "2400"]
[BlackElo "2593"]
[WhiteFideId "302759"]
[BlackFideId "1510045"]
[EventDate "2017.12.16"]

1. e4 c6 2. d3 d5 3. Nd2 e5 4. Ngf3 Bd6 5. d4 exd4 6. exd5 Nf6 7. dxc6 Nxc6 8.
Be2 O-O 9. O-O Bc7 10. Nb3 Bb6 11. h3 Bf5 12. a3 a5 13. Bg5 Qd6 14. Nbd2 Ne4 15.
Nxe4 Bxe4 16. Bd3 f5 17. Bh4 Rae8 18. Re1 h6 19. Bg3 Qd5 20. b3 Kh8 21. Bc4 Qd7
22. Nh4 Rf6 23. Qh5 f4 24. Bh2 Re5 25. Qd1 Qe8 26. Rf1 Rg5 27. Re1 Re5 28. Rf1
Rh5 29. Nf3 Ne5 30. Nxe5 Rxe5 31. Bd3 Rg5 32. Bxe4 Qxe4 33. f3 Qg6 34. Qd2 Rc6
35. Bxf4 Rf5 36. Kh1 Rfc5 37. c4 dxc3 38. Qd7 Qf5 39. Qe8+ Kh7 40. Qb8 c2 41.
Rac1 Rc3 42. b4 Rxa3 43. Qxb7 Rac3 44. bxa5 Qxf4 45. axb6 Qd4 46. Qf7 Qxb6 47.
Qf5+ Kg8 48. Qd5+ Kf8 49. Qf5+ Rf6 50. Qh7 Qc6 51. Rfe1 Kf7 52. Re4 Rd3 53. Re7+
Kxe7 54. Qxd3 Re6 55. Rxc2 Qb6 56. Rc1 Qd6 57. Qf5 Qe5 58. Qg4 Kf7 59. Qc4 Kf6
60. Rb1 Qg3 61. Qc3+ Kg6 62. Qd3+ Kf6 63. Rf1 Rd6 64. Qa3 Kg6 65. Qc5 Rd2 66.
Qc6+ Kh7 67. Rg1 Qf4 68. Qc1 Qg5 69. Qb1+ Kh8 70. Qe4 Qd5 71. Qa4 Qg5 72. Qc4
Qg3 73. Qe4 Rf2 74. Qe1 Kh7 75. Qe4+ Kh8 76. Qf5 Kg8 77. Qe4 Kh8 78. Qe8+ Kh7
79. Qf8 Kg6 80. Qh8 Kf7 81. Qh7 Kf6 82. Qg8 Kg6 83. Qh8 Re2 84. Qg8 Rf2 85. Qa8
Kh7 86. Qe4+ Kh8 87. Qe8+ 1/2-1/2

[Event "European Rapid 2017"]
[Site "Katowice POL"]
[Date "2017.12.17"]
[Round "11.28"]
[White "Meskovs, Nikita"]
[Black "Zorko, Jure"]
[Result "1-0"]
[WhiteTitle "GM"]
[BlackTitle "IM"]
[WhiteElo "2538"]
[BlackElo "2457"]
[WhiteFideId "11602740"]
[BlackFideId "14604051"]
[EventDate "2017.12.16"]

1. d4 Nf6 2. c4 e6 3. Nf3 d5 4. g3 Bb4+ 5. Bd2 Be7 6. Bg2 O-O 7. O-O Nbd7 8. Bf4
c6 9. Nc3 Nh5 10. Bd2 f5 11. Rc1 Bd6 12. e3 Nhf6 13. Ne2 Ne4 14. Nf4 Qe7 15. Nd3
g5 16. Nfe5 g4 17. Be1 Bxe5 18. dxe5 a5 19. f3 gxf3 20. Qxf3 c5 21. Qh5 dxc4 22.
Nf4 b5 23. g4 Bb7 24. Bh4 Qe8 25. Qh6 Ra6 26. Rcd1 Nxe5 27. Bxe4 Bxe4 28. Bf6
Rxf6 29. Qxf6 Nxg4 30. Qg5+ Kf7 31. Rd8 Qe7 32. Qg8+ Kf6 33. Qh8+ Kg5 34. Rg8+
Kh4 35. Ng6+ 1-0

[Event "European Rapid 2017"]
[Site "Katowice POL"]
[Date "2017.12.17"]
[Round "11.29"]
[White "Kazakovskiy, Valeriy"]
[Black "Tregubov, Pavel V."]
[Result "0-1"]
[WhiteTitle "IM"]
[BlackTitle "GM"]
[WhiteElo "2422"]
[BlackElo "2575"]
[WhiteFideId "13507443"]
[BlackFideId "4115341"]
[EventDate "2017.12.16"]

1. d4 Nf6 2. Nf3 e6 3. c4 Nc6 4. g3 d5 5. Bg2 dxc4 6. O-O Rb8 7. e3 b5 8. b3
cxb3 9. axb3 a6 10. Qe2 Be7 11. Rd1 O-O 12. Nc3 Bb7 13. Ne5 Nb4 14. Bxb7 Rxb7
15. Ba3 Rb6 16. Rdc1 Bd6 17. Bxb4 Bxb4 18. Qc2 Qa8 19. Na2 Bd6 20. Nd3 Qe4 21.
Nab4 Ra8 22. Qe2 Nd5 23. Nc2 b4 24. f3 Nc3 25. Qf1 Qb7 26. e4 a5 27. Ne3 Rb5 28.
Nc4 Qa7 29. Qf2 Qxd4 30. Qxd4 Ne2+ 31. Kf2 Nxd4 32. Rab1 Bf8 33. Nce5 c5 34. Nd7
Rc8 35. N7e5 f6 36. Nc4 Ra8 37. Rb2 a4 38. Ra1 a3 39. Rbb1 Rd8 40. Ne1 Rb7 41.
Ra2 Nb5 42. Rc2 Rbd7 43. Rcc1 Kf7 44. Ra1 e5 45. Ra2 Rd1 46. Raa1 Rxc1 47. Rxc1
Nd4 48. Nd2 g6 0-1

[Event "European Rapid 2017"]
[Site "Katowice POL"]
[Date "2017.12.17"]
[Round "11.30"]
[White "Hracek, Zbynek"]
[Black "Konopka, Michal"]
[Result "1/2-1/2"]
[WhiteTitle "GM"]
[BlackTitle "IM"]
[WhiteElo "2592"]
[BlackElo "2381"]
[WhiteFideId "300071"]
[BlackFideId "308633"]
[EventDate "2017.12.16"]

1. e4 Nf6 2. e5 Nd5 3. d4 d6 4. Nf3 g6 5. Bc4 c6 6. O-O Bg7 7. Re1 dxe5 8. Nxe5
O-O 9. Bb3 Nd7 10. Nf3 e6 11. Bg5 Qc7 12. c4 N5f6 13. Nc3 b6 14. Bh4 Bb7 15. Bg3
Qc8 16. Rc1 Bh6 17. Rc2 c5 18. d5 exd5 19. cxd5 Ba6 20. Ba4 Re8 21. Rxe8+ Nxe8
22. Bc6 Bb7 23. Bxb7 Qxb7 24. Re2 Nef6 25. Ne5 Nxe5 1/2-1/2

[Event "European Rapid 2017"]
[Site "Katowice POL"]
[Date "2017.12.17"]
[Round "11.31"]
[White "Mastrovasilis, Dimitrios"]
[Black "D'Costa, Lorin A R"]
[Result "1/2-1/2"]
[WhiteTitle "GM"]
[BlackTitle "IM"]
[WhiteElo "2582"]
[BlackElo "2391"]
[WhiteFideId "4202694"]
[BlackFideId "409219"]
[EventDate "2017.12.16"]

1. e4 c5 2. Nf3 e6 3. d4 cxd4 4. Nxd4 a6 5. Bd3 Bc5 6. Nb3 Be7 7. Be3 Nf6 8. f4
d6 9. N1d2 O-O 10. Qe2 Nc6 11. c3 b5 12. g4 Bb7 13. g5 Nd7 14. h4 Re8 15. h5 Bf8
16. g6 fxg6 17. hxg6 h6 18. O-O-O b4 19. c4 a5 20. Nd4 Nxd4 21. Bxd4 e5 22. fxe5
dxe5 23. Be3 Nc5 24. Bxc5 Bxc5 25. Nb3 Qg5+ 26. Kb1 Be3 27. Rde1 Bf4 28. Reg1
Qe7 29. Nc1 a4 30. Bc2 Bc6 31. Nd3 Reb8 32. Nxf4 exf4 33. Bd3 a3 34. c5 Rd8 35.
Re1 Qe5 36. Rh5 Qd4 37. Bc4+ Kh8 38. Bd5 f3 39. Qh2 Bxd5 40. exd5 Qd3+ 41. Ka1
axb2+ 42. Qxb2 Qxg6 43. Rhe5 Qf6 44. d6 f2 45. Rf1 Rf8 46. Re2 Qg5 47. Rexf2
Rxf2 48. Qxf2 b3 49. Qf5 Rxa2+ 50. Kb1 Qd2 51. Qf8+ Kh7 52. Qf5+ Kh8 1/2-1/2

[Event "European Rapid 2017"]
[Site "Katowice POL"]
[Date "2017.12.17"]
[Round "11.32"]
[White "Miezis, Normunds"]
[Black "Kashlinskaya, Alina"]
[Result "1-0"]
[WhiteTitle "GM"]
[BlackTitle "IM"]
[WhiteElo "2434"]
[BlackElo "2452"]
[WhiteFideId "11600136"]
[BlackFideId "4198026"]
[EventDate "2017.12.16"]

1. c4 Nf6 2. Nc3 e5 3. g3 Bb4 4. Bg2 O-O 5. e4 Nc6 6. Nge2 d6 7. O-O a6 8. d3
Bc5 9. h3 b5 10. Kh2 bxc4 11. dxc4 a5 12. f4 Ba6 13. b3 Nd7 14. f5 Nd4 15. g4
Nxe2 16. Qxe2 Bd4 17. Rf3 Nc5 18. Rb1 c6 19. Rg3 Qd7 20. Bd2 Rab8 21. g5 Rb4 22.
Rf1 a4 23. Nd1 Rbb8 24. b4 Nb7 25. Ne3 Nd8 26. Ng4 Kh8 27. Nf6 Qe7 28. Nxh7 Kxh7
29. Qh5+ Kg8 30. g6 fxg6 31. fxg6 1-0